00380 2200157 4500001002100000035002000021245003300041100001700074260004100091300002400132020002200156084001400178082000800192650001000200990001200210INLIS000000000002701 a0010-0925000048 aBunga MataharicZalfa Anjani aZalfa Anjani aJakartabEsensi Erlangga Groupc2024 a136c(14,5 x 21 cm) a978-623-7478-78-2 a813 ZAL b a813 aFiksi a0754903